000 00686nam a2200229 i 4500
001 9797
003 ES-MaACL
005 20250111062524.0
007 t|
008 940113s1993 sp ||||1| spa d
020 _a84-339-0954-1
080 _a86-311.2"19"
080 _a86(Albaicín,J.7 S.01)
100 1 _aAlbaicín, Joaquín.
_919215
245 1 3 _aLa Serpiente terrenal
_b: (un vodevil de hoy) /
_cJoaquín Albaicín.
260 _aBarcelona :
_bAnagrama,
_cD.L. 1993.
300 _a142 p. ;
_c20 cm.
490 1 _aNarrativas hispánicas ;
_v144
830 0 0 _aNarrativas hispánicas (Anagrama)
_v144
_9178124
852 _aES-MaACL
_jL-17336
_bR.122132
999 _c9797
_d9797